Manual práctico de tributación local / A. Acín ... [et al.]
ISBN:
84-7028-286-7
Descripción Física:
3 v. ; 25 cm + 2 disquets
Otros Autores:
Acín Ferrer, Angela
MARC
| LEADER | 00000nam a2200000Ia 4500 | ||
|---|---|---|---|
| 001 | 18177, 18178, 18179 | ||
| 003 | BGR | ||
| 005 | 20260324180549.0 | ||
| 008 | 160829s1999 xx 000 0 cat d | ||
| 020 | |a 84-7028-286-7 | ||
| 080 | |a M-5-248, M-5-249, M-5-250 | ||
| 245 | |a Manual práctico de tributación local / A. Acín ... [et al.] | ||
| 260 | |a Barcelona : |b Bayer Hnos, |c 1999 | ||
| 300 | |a 3 v. ; |c 25 cm + 2 disquets | ||
| 590 | |a En estoig. | ||
| 590 | |a Bibliografia. | ||
| 590 | |a Conté: Legislación; Aplicación informática : gestión de recursos | ||
| 650 | |a Impostos locals |9 45398 | ||
| 650 | 0 | |a Finances locals |9 23120 | |
| 700 | |a Acín Ferrer, Angela |9 1555 | ||
| 710 | 1 | |a Barcelona (Catalunya : Província). |b Diputació |9 52408 | |
| 901 | |a Arxiu | ||
| 942 | |n 1 |2 udc |c MON | ||
| 952 | |0 0 |1 0 |4 0 |6 M5248_M5249_M5250 |7 1 |9 54828 |a Arxiu |b Arxiu |d 2016-12-01 |l 0 |o M-5-248, M-5-249, M-5-250 |p 18177, 18178, 18179 |r 2016-12-01 00:00:00 |w 2016-12-01 |y ARXIU | ||
| 999 | |c 58698 |d 58698 | ||